| 000 | 01194nam a22002777 4500 | ||
|---|---|---|---|
| 999 |
_c58678 _d58678 |
||
| 001 | RU\PGU\4954 | ||
| 005 | 20220627135521.0 | ||
| 008 | 220627sru xxu||||| |||| 00| 0 rus d | ||
| 040 | 0 | 0 | _aРГПУ им.А.И.Герцена |
| 080 | _a811.13(075.8) A-50 | ||
| 090 | 0 | 0 | _a1658421 |
| 091 | 0 | 0 | _aШ147-923 |
| 100 | 1 | 0 |
_aАлисова,Татьяна Борисовна _914233 |
| 245 | 0 | 0 |
_aВведение в романскую филологию : _bУчеб.для ин-тов и фак.иностр.яз. / _c Т. Б. Алисова, Т. А. Репина, Мария Таривердиева. |
| 250 | 0 | 0 |
_a2-е изд. _bиспр.и доп. |
| 260 | 0 | 0 |
_aМ. _bВысш.шк. _c1987 |
| 300 | 0 | 0 |
_a343,[1]с. _c22см. |
| 504 | 0 | 0 | _aБиблиогр.:с.338-339. |
| 520 | 0 | 0 | _aРоманские языки - Учебники и пособия. |
| 653 | _aВведение в романскую филологию | ||
| 653 | _aფრანგული ფილოლოგია | ||
| 700 | 1 | 0 |
_aРепина,Тамара Александровна _914234 |
| 700 | 1 | 0 |
_aТаривердиева,Мария Акоповна _914235 |
| 852 | _a1901371X | ||
| 942 |
_2udc _cBK |
||